| 000 | 02385nam0a2200397 4500 | ||
|---|---|---|---|
| 001 | RU\NLR\bibl\1035107 | ||
| 005 | 20260405161212.0 | ||
| 010 |
_a5-282-02617-1 _93000 |
||
| 021 |
_aRU _b2006-78272 _93970 |
||
| 035 | _a(nilc)RSL-KNO-002989794 | ||
| 035 | _a(NLR Aleph) 001022544 | ||
| 090 |
_a707734 _c707734 |
||
| 100 | _a20061208d2006 |||y0rusy50 ca | ||
| 101 | 0 | _arus | |
| 102 | _aRU | ||
| 105 | _aa zzzz||||| | ||
| 106 | _ar | ||
| 200 | 1 |
_aИнформационный консалтинг _eучебное пособие для студентов вузов, обучающихся по специальности 100103 - социально-культурный сервис и туризм России (специализация - 100103.01 - консалтинговый сервис) _fТ. Н. Ананьева, А. И. Ткалич _gпод ред. д.социол.н., проф. Т. Н. Ананьевой _gМ-во образования и науки Российской Федерации, Гос. образовательное учреждение высш. проф. образования "Московский гос. ун-т сервиса" (ГОУВПО "МГУС"), Ин-т информ. технологий |
|
| 210 |
_aМосква _cЭкономика _d2006 |
||
| 215 |
_a205, [1] с. _cил., табл. _d22 |
||
| 225 | 1 | _aВысшее образование | |
| 320 | _aБиблиогр.: с. 199-206 (76 назв.) | ||
| 606 | 1 |
_aКонсалтинг _jУчебные издания для высших учебных заведений _xИнформационное обеспечение _yРоссийская Федерация _92456451 _3RU\NLR\auth\661460055 |
|
| 610 | 0 | _aЭкономика -- Российская Федерация -- Управление -- Учебник для высшей школы | |
| 610 | 0 | _aинформационный консалтинг | |
| 686 |
_aУ9(2)21я73-1 _2rubbk |
||
| 686 | _aУ21(2)2ф.я73 | ||
| 700 | 1 |
_4070 _7ca _8rus _aАнаньева _bТ. Н. _gТатьяна Николаевна _950651 _3RU\NLR\auth\7767723 |
|
| 701 | 1 |
_aТкалич _bА. И. _gАлексей Иванович _4070 |
|
| 801 | 0 |
_aRU _bРКП _c20061208 _grcr |
|
| 801 | 1 |
_aRU _bРГБ _c20061208 |
|
| 801 | 2 |
_aRU _bNLR _c20070124 _grcr |
|
| 830 | _aавт. по кн. | ||
| 942 | _cBOOK | ||
| 980 | _aNB | ||